| 000 | 00464nam a2200169 i 4500 | ||
|---|---|---|---|
| 001 | 116302 | ||
| 003 | ES-MaACL | ||
| 005 | 20240419063036.0 | ||
| 007 | t| | ||
| 008 | 061121s1981 sp |||| | spa d | ||
| 100 | 1 |
_aOsorio, Guillermo, _d1918-1982 _987767 |
|
| 245 | 1 | 3 |
_aEl perro azul _b: cuentos / _cGuillermo Osorio. |
| 260 |
_aMadrid : _bAguacantos, _c1981. |
||
| 300 |
_a90 p. ; _c17 cm. |
||
| 852 |
_aES-MaACL _jL-6009 |
||
| 999 |
_c116302 _d116302 |
||